Kraje z największą ilością osób graniczących z nimi - Statystyki

Ogólne statystyki
  • Ten quiz został rozwiązany 212 razy
  • Średni wynik to 14 z 20
Statystyki odpowiedzi
Miliardy Kraj % Poprawnych
1.96 Chiny
94%
1.56 Rosja
93%
1.84 Indie
90%
2.82 Pakistan
78%
1.54 Mongolia
76%
1.41 Wietnam
71%
0.342 Meksyk
69%
1.58 Kazachstan
68%
1.59 Korea Północna
68%
1.38 Bangladesz
67%
0.376 Iran
67%
2.71 Nepal
67%
1.73 Afganistan
65%
2.95 Mjanma
65%
1,62 Laos
64%
2.71 Bhutan
62%
1.45 Kirgistan
54%
1.46 Tadżykistan
53%
0.419 Francja
46%
0.331 Malezja
46%
Nie znaleziono quizów pasujących do podanych kryteriów
Rozkład punktacji
Procent ludzi z każdym wynikiem
Percentyl według liczby udzielonych odpowiedzi
Twoja historia wyników
Nie rozwiązałeś tego quizu